| 000 | 00480nam a22001817a 4500 | ||
|---|---|---|---|
| 003 | CEME | ||
| 005 | 20210628202739.0 | ||
| 008 | 210125b xxu||||| |||| 00| 0 eng d | ||
| 020 | _a0-471-22828-1 | ||
| 040 | _c. | ||
| 082 | _a621.3815 COM | ||
| 100 |
_aComer, David .J Comer, Donald.T _961400 |
||
| 245 | _aAdvanced electronic circuit design | ||
| 260 |
_aNEW DELHI _bJOHN WILEY _c2003 |
||
| 300 | _aXI,506 P | ||
| 650 |
_aELECTRONIC CIRCUIT DESIGN _93072 |
||
| 942 |
_cBK _2ddc |
||
| 999 |
_c570866 _d570866 |
||